Catálogo

Introducción a la economía / (Registro nro. 63169)

Detalles MARC
000 -LEADER
fixed length control field 01050cam a2200301 i 4500
001 - CONTROL NUMBER
control field 63169
003 - CONTROL NUMBER IDENTIFIER
control field Mx-PuUPA
005 - DATE AND TIME OF LATEST TRANSACTION
control field 20240306074525.0
008 - FIXED-LENGTH DATA ELEMENTS--GENERAL INFORMATION
fixed length control field 150703s2014 mx ad fr 001 0 spa d
020 ## - INTERNATIONAL STANDARD BOOK NUMBER
International Standard Book Number 9786073222860
040 ## - CATALOGING SOURCE
Original cataloging agency Mx-PuUPA
Language of cataloging spa
Transcribing agency Mx-PuUPA
Modifying agency Mx-PuUPA
Description conventions rda
041 0# - LANGUAGE CODE
Language code of text/sound track or separate title spa
100 1# - MAIN ENTRY--PERSONAL NAME
Personal name Graue Russek, Ana Luisa,
Relator term autor
9 (RLIN) 9685
245 10 - TITLE STATEMENT
Title Introducción a la economía /
Statement of responsibility, etc. Ana Luisa Graue Russek
250 ## - EDITION STATEMENT
Edition statement Primera edición
264 #1 - PRODUCTION, PUBLICATION, DISTRIBUTION, MANUFACTURE, AND COPYRIGHT NOTICE
Place of production, publication, distribution, manufacture Naucalpan de Juárez, Estado de México :
Name of producer, publisher, distributor, manufacturer Pearson Educación de México,
Date of production, publication, distribution, manufacture, or copyright notice ©2014
300 ## - PHYSICAL DESCRIPTION
Extent XII, 548 páginas :
Other physical details ilustraciones, diagramas ;
Dimensions 27 cm
336 ## - CONTENT TYPE
Content type term texto
Fuente rdacontent
Content type code txt
337 ## - MEDIA TYPE
Media type term sin medio
Source rdamedia
Media type code n
338 ## - CARRIER TYPE
Carrier type term volumen
Source rdacarrier
Carrier type code nc
650 #7 - SUBJECT ADDED ENTRY--TOPICAL TERM
Topical term or geographic name entry element Economía
General subdivision Estudio y enseñanza
Source of heading or term armarc
650 #7 - SUBJECT ADDED ENTRY--TOPICAL TERM
Topical term or geographic name entry element Economía
Form subdivision Libros de texto
Source of heading or term armarc
942 ## - ADDED ENTRY ELEMENTS (KOHA)
Source of classification or shelving scheme Dewey Decimal Classification
Koha item type Libro
Classification part 330
Item part G726
Existencias
Withdrawn status Lost status Source of classification or shelving scheme Damaged status Not for loan Collection code Home library Current library Shelving location Date acquired Source of acquisition Total Checkouts Full call number Barcode Date last seen Date last checked out Copy number Price effective from Koha item type Cost, normal purchase price Total Renewals Cost, replacement price
    Dewey Decimal Classification     General Biblioteca Karol Wojtyla Biblioteca Karol Wojtyla Sala general 18/08/2021 1 1 330 G726 2014 99882 05/01/2026 09/03/2023 Ej.2 18/08/2021 Libro 342.00 1 342.00
    Dewey Decimal Classification     General Biblioteca Karol Wojtyla Biblioteca Karol Wojtyla Sala general 18/08/2021 1 1 330 G726 2014 99881 05/01/2026 18/05/2023   18/08/2021 Libro 342.00 1 342.00
    Dewey Decimal Classification     General Tehuacán Tehuacán Sala general 16/03/2017 Compra   330 G726 2014 968000002206 08/01/2025 09/02/2018 Ej.3 16/03/2017 Libro      
    Dewey Decimal Classification     General Tehuacán Tehuacán Sala general 03/07/2015 Compra 1 330 G726 2014 968000002205 08/01/2025 14/08/2019 Ej.2 16/03/2017 Libro      
    Dewey Decimal Classification     General Tehuacán Tehuacán Sala general 05/08/2019     330 G726 2014 968000000340 08/01/2025     05/08/2019 Libro